00509 2200169 4500001002100000008004100021035002000062245011700082100002100199260003200220300001300252084001400265082000800279650001400287990001900301990001900320INLIS000000000003142 ind  a0010-0724003142 aBagaimana Memahami Dan Membuat TAKTIK Pertempuran Darat Yang Seharusnya Digunakan Di IndonesiacJ. Suryo Prabowo aJ. Suryo Prabowo aJakartabMedia Pandu Bangsa a314 hlm. a370 SUR t a370 aNon Fiksi aP29/CP/24/3142 aP29/CP/24/3279